000 01180cam a2200265 a 4500
001 15603659
005 20090804150210.0
008 090129s2009 mauab b 001 0 eng
010 _a 2009003606
020 _a0123745012
020 _a9780123745019 (hardcover)
035 _a(OCoLC)ocn299710986
040 _aDLC
_cDLC
_dYDX
_dBTCTA
_dYDXCP
_dBWX
_dDLC
050 0 0 _aTJ810
_b.K258 2009
082 0 0 _a621.47
_222
_bKAL
100 1 _aKalogirou, Soteris.
_922545
245 1 0 _aSolar Energy Engineering :
_bProcesses and Systems /
_cSoteris A. Kalogirou.
260 _aBurlington, MA :
_bElsevier/Academic Press, 2009
_cc2009.
300 _axv, 760 p. :
_bill., col. maps ;
_c24 cm.
504 _aIncludes bibliographical references and index.
650 0 _aSolar energy.
_922546
942 _2ddc
_cBB
999 _c15003
_d15003